Kdy, kde, jak? : soutěžit o odznak zdatnosti Připraven k práci a obraně vlasti /

Další autoři: Jandera, Otakar, 1898-1977
Jazyk: Čeština
Vydáno: Praha : Sportovní a turistické nakladatelství, 1961
Vydání: 1. vyd.
Témata:
Externí odkaz: Digitalizovaný dokument
Fyzický popis: 166 s. + 1 volná příl.
Knihy
Uloženo v:
LEADER 01092nam a22002532a 4500
001 000173827
003 CZ BrMZK
005 20091112144742.0
007 ta
008 970107s1961 xr f cze d
015 |a cnb000526753 
040 |a BOA001  |b cze  |c BOA002 
245 0 0 |a Kdy, kde, jak? :  |b soutěžit o odznak zdatnosti Připraven k práci a obraně vlasti /  |c Otakar Jandera ... [et al.] 
250 |a 1. vyd. 
260 |a Praha :  |b Sportovní a turistické nakladatelství,  |c 1961 
300 |a 166 s. +  |e 1 volná příl. 
500 |a Dostupné též v digitální podobě v aplikaci Kramerius 
700 1 |a Jandera, Otakar,  |d 1898-1977  |7 jk01050880  |4 aut 
856 4 1 |u http://www.digitalniknihovna.cz/mzk/uuid/uuid:0eec8e60-551c-11e9-936e-005056827e52  |y Digitalizovaný dokument  |x NDK 
910 |a BOA001  |b PK-A-0007.128  |b 1-0453.482 
964 |a PPOV - příručky 
990 |a BK 
996 6 |b 2619432341  |c 1-0453.482  |l MZK  |r Sklad / do 1 hodiny  |n 0  |w 000173827  |u 000020  |a 1  |e BOA001  |j MZK50  |s P 
996 7 |b 3119944633  |c PK-A-0007.128  |l MZK  |r Sklad / do 1 hodiny  |n 0  |w 000173827  |u 000010  |a 1  |e BOA001  |j MZK50  |s A